00645nam a22001937a 450000500170000001000130001702000110003003500130004103700160005404000120007008200180008210000200010024501550012026000410027527000680031630000250038465000190040965000230042820170124110151.0 aA-904222 c150.00 aA-904222 bCen Lib/Ret aDPLbEN a641.5636bPUR aPuri, Hemantika aVegetarian party menus : cby Hemantika Purib 10 sets of sumptuous starters, main courses and desserts, and a separate section on dhoklas and chats / aMumbai bVakils, Feffer Simonsc1997 bMumbai aHague Building, 9, sprott Road, Ballard Estatee400001 axii,120p. c25cm(Hb) aCooking, Indic aVegetarian cooking